| 000 | 00676nam a22002057a 4500 | ||
|---|---|---|---|
| 005 | 20150115114412.0 | ||
| 010 | _aENG-111514 | ||
| 020 |
_a9788174878892 _c395.00 |
||
| 020 |
_a8174878890 _c395.00 |
||
| 035 | _aEN-95046 | ||
| 037 | _bDBAD/PUB | ||
| 082 | _a720.2880954 | ||
| 100 | _aShrivastava,Vinay | ||
| 245 |
_aThe haritage management of historical inheritence in medieval India/ _cby Vinay shrivastava |
||
| 260 |
_aNew Delhi _bRadha Publications _c2014 |
||
| 270 |
_a4231/1,Ansari Road,Daryaganj _b New Delhi _e110002 |
||
| 300 |
_a119p. : _c22cm(pbk) _bill. |
||
| 500 | _aIncludes bibliographical references | ||
| 942 |
_2ddc _cEN _mSHR _h720.2880954 |
||
| 999 |
_c90577 _d90577 |
||